5HLuxD.jpg

KING HENRY VIII SENIOR AND PRIMARY SCHOOL LIBRARY OPAC

Encyclopedia of space / (Record no. 2084)

000 -LEADER
fixed length control field 01160aam a2200361 i 4500
001 - CONTROL NUMBER
control field 018482311
003 - CONTROL NUMBER IDENTIFIER
control field Uk
005 - DATE AND TIME OF LATEST TRANSACTION
control field 20230306095442.0
008 - FIXED-LENGTH DATA ELEMENTS--GENERAL INFORMATION
fixed length control field 170822s2017 enka j e 001 0 eng c
015 ## - NATIONAL BIBLIOGRAPHY NUMBER
National bibliography number GBB7F1592
Source bnb
016 7# - NATIONAL BIBLIOGRAPHIC AGENCY CONTROL NUMBER
Record control number 018482311
Source Uk
020 ## - INTERNATIONAL STANDARD BOOK NUMBER
International Standard Book Number 9781786173294
Qualifying information paperback
035 ## - SYSTEM CONTROL NUMBER
System control number (UkOxU)020957972
035 ## - SYSTEM CONTROL NUMBER
System control number (StEdALDL)1/3593472
040 ## - CATALOGING SOURCE
Original cataloging agency UkOxU
Language of cataloging eng
Transcribing agency UkOxU
Modifying agency Uk
-- KH8
Description conventions rda
042 ## - AUTHENTICATION CODE
Authentication code ukscp
082 04 - DEWEY DECIMAL CLASSIFICATION NUMBER
Classification number 520.3 PAR
Edition number 23
100 1# - MAIN ENTRY--PERSONAL NAME
Personal name Parker, Steve,
Dates associated with a name 1952-
Relator term author.
245 10 - TITLE STATEMENT
Title Encyclopedia of space /
Statement of responsibility, etc. by Steve Parker.
264 #1 - PRODUCTION, PUBLICATION, DISTRIBUTION, MANUFACTURE, AND COPYRIGHT NOTICE
Place of production, publication, distribution, manufacture Bardfield End Green, Thaxted, Essex, UK :
Name of producer, publisher, distributor, manufacturer Miles Kelly,
Date of production, publication, distribution, manufacture, or copyright notice 2017.
264 #4 - PRODUCTION, PUBLICATION, DISTRIBUTION, MANUFACTURE, AND COPYRIGHT NOTICE
Date of production, publication, distribution, manufacture, or copyright notice ©2017
300 ## - PHYSICAL DESCRIPTION
Extent 384 pages :
Other physical details illustrations (chiefly colour) ;
Dimensions 23 cm
336 ## - CONTENT TYPE
Content type term text
Source rdacontent
336 ## - CONTENT TYPE
Content type term still image
Source rdacontent
337 ## - MEDIA TYPE
Media type term unmediated
Source rdamedia
338 ## - CARRIER TYPE
Carrier type term volume
Source rdacarrier
500 ## - GENERAL NOTE
General note "Explore the Solar System and beyond"--Cover.
500 ## - GENERAL NOTE
General note Includes index.
651 #0 - SUBJECT ADDED ENTRY--GEOGRAPHIC NAME
Geographic name Solar system
Form subdivision Encyclopedias, Juvenile.
651 #0 - SUBJECT ADDED ENTRY--GEOGRAPHIC NAME
Geographic name Outer space
Form subdivision Encyclopedias, Juvenile.
651 #0 - SUBJECT ADDED ENTRY--GEOGRAPHIC NAME
Geographic name Outer space
General subdivision Exploration
Form subdivision Encyclopedias, Juvenile.
942 ## - ADDED ENTRY ELEMENTS (KOHA)
Source of classification or shelving scheme
Koha item type Books - Non Ficton
Holdings
Withdrawn status Lost status Source of classification or shelving scheme Damaged status Not for loan Collection code Permanent Location Current Location Shelving location Date acquired Total Checkouts Total Renewals Full call number Barcode Date last seen Date last checked out Price effective from Koha item type
          Non-Fiction KH8 Primary School Library KH8 Primary School Library Non Fiction 2023-03-06 36 1 520.3 PAR KHPL000003818 2026-02-05 2026-01-14 2023-03-06 Books - Non Ficton

Powered By KH8 IT Dept